00608nam a2200133Ia 4500008004100000100003400041245016300075260002900238300001800267650001500285856008200300999001900382952007300401160712s9999 xx 000 0 und d aRodriguez-Tatel, Mary Jane B. cMary Jane B. Rodriguez-TatelaPhilippine Studies/Araling Pilipino/Pilipinolohiya sa Wikang Filipino: Pagpopook at Pagdadalumat sa Loob ng Kapantasang Pilipino c2015bHumanities Diliman avol. 12 no. 2 xHUMANITIES uhttp://journals.upd.edu.ph/index.php/humanitiesdiliman/issue/view/502/showToc c297043d297043 001040aCLbCLd2016-07-12l0r2016-07-12 00:00:00w2016-07-12yFEJ